00564nam a2200157 a 450000100100000000500170001000800410002704000250006824500550009326000360014830000210018471000700020504900090027595201050028499900170038900003066120240306100204.0110525s1984 dr 000 0 spa d aDO-SdBNPbspacBNPHU00aInventario de instituciones de bienestar infantil. aSanto Domingo :bCONANI,c1984. a114 p. ;c28 cm.2 aConsejo Nacional para la Niñez (República Dominicana )942757 aBNPD 0010718PDaPDbPDcCTd2011-05-25iLF1l0o p30661-10r2020-06-25w2020-06-25yLFPDZNo se presta c30153d30153